| 000 | 00425nam a2200181Ia 4500 | ||
|---|---|---|---|
| 005 | 20240823055109.0 | ||
| 008 | 240823s9999||||xx |||||||||||||| ||und|| | ||
| 041 | _aENGLISH | ||
| 082 | _A532.05015118 Q5 | ||
| 100 | _aJiyuan Tu | ||
| 245 | 0 | _aComputational Fluid Dynamics | |
| 250 | _a2nd | ||
| 260 |
_c2015 _bButterworth-He |
||
| 500 | _aYES | ||
| 650 |
_aFluid Dynamics _bMechanical |
||
| 942 | _cBK | ||
| 999 |
_c227990 _d227990 |
||